Copa do Mundo da FIFA de 1954 - Statistics

Estatísticas Gerais
  • Esse quiz foi jogado 97 vezes
  • A pontuação média é 12 de 16
Estatísticas das Respostas
Grupo Time % Correto
Grupo 1 Brasil
98%
Grupo 3 Uruguai
97%
Grupo 2 Alemanha Ocidental
94%
Grupo 2 Hungria
92%
Grupo 4 Inglaterra
89%
Grupo 1 França
85%
Grupo 4 Itália
85%
Grupo 1 México
83%
Grupo 4 Suiça
80%
Grupo 1 Iugoslávia
73%
Grupo 4 Bélgica
67%
Grupo 3 Áustria
64%
Grupo 3 Tchecoslováquia
62%
Grupo 3 Escócia
58%
Grupo 2 Coréia do Sul
50%
Grupo 2 Turquia
38%
Nenhum quiz correspondente encontrado
Distribuição das Pontuações
Porcentagem de Pessoas com Cada Pontuação
Percentil de Números Respondidos
Sua Pontuação Histórica
Você não jogou esse quiz